|
|
|
|
| LEADER |
00000nam a2200000Ii 4500 |
| 001 |
DIGOLEJNK1570 |
| 003 |
NyNyDIG |
| 006 |
m o d |
| 007 |
cr ||||||||||| |
| 008 |
260106s2025 cl o 000 0 spa d |
| 035 |
|
|
|a (OCoLC)1568983897
|
| 040 |
|
|
|a DGITA
|b eng
|e rda
|e pn
|c DGITA
|
| 020 |
|
|
|z 9789564076645
|
| 043 |
|
|
|a e-sp---
|
| 050 |
1 |
4 |
|a K642 ebook
|
| 100 |
1 |
|
|a Romano, Paula Fabiana,
|e author.
|
| 245 |
1 |
0 |
|a Derecho a nacer, derecho a vivir :
|b derechos innatos de la persona por nacer : bien jurídico protegido "vida" : derechos tutelados en el derecho nacional e internacional /
|c Paula Fabiana Romano.
|
| 246 |
3 |
0 |
|a Derechos innatos de la persona por nacer
|
| 264 |
|
1 |
|a Santiago, Chile :
|b Ediciones Olejnik,
|c [2025]
|
| 300 |
|
|
|a 1 online resource.
|
| 336 |
|
|
|a text
|b txt
|2 rdacontent
|
| 337 |
|
|
|a computer
|b c
|2 rdamedia
|
| 338 |
|
|
|a online resource
|b cr
|2 rdacarrier
|
| 347 |
|
|
|a text file
|2 rdaft
|
| 347 |
|
|
|b PDF
|
| 490 |
1 |
|
|a Biblioteca de derecho civil
|
| 588 |
0 |
|
|a Online resource; title from PDF title page (Digitalia, viewed January 6, 2026)
|
| 650 |
|
0 |
|a Fetus
|x Legal status, laws, etc.
|
| 650 |
|
0 |
|a Unborn children (Law)
|
| 791 |
2 |
|
|a Digitalia (Firm),
|e distributor.
|
| 793 |
0 |
|
|g Digitalia eBook Collection:
|a Ediciones Olejnik
|
| 776 |
0 |
8 |
|i Print version:
|a Romano, Paula Fabiana.
|t Derecho a nacer, derecho a vivir.
|b Primera edición en Ediciones Olejnik.
|d Santiago, Chile : Ediciones Olejnik, 2025
|z 9789564076645
|
| 830 |
|
0 |
|a Biblioteca de derecho civil.
|
| 856 |
4 |
0 |
|3 Digitalia Hispánica
|u https://www.digitaliapublishing.com/a/178946/
|
| 910 |
|
|
|a Premium collection: 2026
|